रेत के टीले / (Record no. 51243)

MARC details
000 -LEADER
fixed length control field 01226nam a22003017a 4500
005 - DATE AND TIME OF LATEST TRANSACTION
control field 20080929101452.0
008 - FIXED-LENGTH DATA ELEMENTS--GENERAL INFORMATION
fixed length control field 080929t xxu||||| |||| 00| 0chin d
010 ## - LCCN (DPL NO)
LC control number HIN-92143
020 ## - INTERNATIONAL STANDARD BOOK NUMBER
International Standard Book Number 9788178357393
Terms of availability 360.00
035 ## - SYSTEM CONTROL NUMBER
System control number HN-64489
037 ## - SOURCE OF ACQUISITION
Source of stock number/acquisition DBAD / PUB
040 ## - CATALOGING SOURCE
Original cataloging agency DPL
Language of cataloging HN
082 ## - DEWEY DECIMAL CLASSIFICATION NUMBER
Classification number
100 ## - MAIN ENTRY--PERSONAL NAME
9 (RLIN) 26640
Personal name अरोड़ा, प्रीतम
245 ## - TITLE STATEMENT
Title रेत के टीले /
Remainder of title प्रीतम अरोड़ा
246 ## - VARYING FORM OF TITLE
Title proper/short title Ret ke teele
Remainder of title by Pritam Aroora
260 ## - PUBLICATION, DISTRIBUTION, ETC. (IMPRINT)
Place of publication, distribution, etc दिल्ली
Name of publisher, distributor, etc कल्पज़ पब्लिकेशन्स
Date of publication, distribution, etc 2009
270 ## - ADDRESS
Address सी-30, सत्यवती नगर
City दिल्ली
Postal code 110052
Telephone number 9212729499kalpaz@hotmail.com
300 ## - PHYSICAL DESCRIPTION
Extent 158पृ.
Dimensions 22सेमी (सजिल्द)
650 ## - SUBJECT ADDED ENTRY--TOPICAL TERM
9 (RLIN) 697
Topical term or geographic name as entry element हिन्दी लघु कथाएँ
650 ## - SUBJECT ADDED ENTRY--TOPICAL TERM
9 (RLIN) 26674
Topical term or geographic name as entry element Hindi Fiction
650 ## - SUBJECT ADDED ENTRY--TOPICAL TERM
9 (RLIN) 698
700 ## - ADDED ENTRY--PERSONAL NAME
9 (RLIN) 26643
700 ## - ADDED ENTRY--PERSONAL NAME
Personal name चेकाल्स्का, रेनाता
9 (RLIN) 26771
710 ## - ADDED ENTRY--CORPORATE NAME
9 (RLIN) 26662
942 ## - ADDED ENTRY ELEMENTS (KOHA)
Source of classification or shelving scheme Dewey Decimal Classification
Item type Hindi Books
Classification part
Call number suffix अरोड़ा
Holdings
Withdrawn status Lost status Source of classification or shelving scheme Damaged status Not for loan Collection code Home library Current library Date acquired Source of acquisition Cost, normal purchase price Total Checkouts Full call number Barcode Date last seen Copy number Cost, replacement price Koha item type
    Dewey Decimal Classification   Not For Loan Fiction D.B.Act.Division D.B.Act.Division 25/03/2011 DBAD /PUB 360.00   क अरोड़ा HN-64489 25/03/2011 1 360.00 Hindi Books

© Delhi Public Library
Hit Counter
free hit counter